Estadística /
| Autor principal: | |
|---|---|
| Formato: | Libro |
| Publicado: |
Barcelona :
Labor,
1928.
|
| Colección: | Economía;
no. 186 |
| Materias: | |
| Etiquetas: |
Agregar Etiqueta
Sin Etiquetas, Sea el primero en etiquetar este registro!
|
MARC
| LEADER | 00000nam a22000004a 4500 | ||
|---|---|---|---|
| 001 | AR-BbUGT1370 | ||
| 003 | AR-BbUGT | ||
| 005 | 20181220001538.0 | ||
| 007 | ta | ||
| 008 | 061101t1928 |||abd |0|||0| d | ||
| 040 | |a AR-BbUGT |b spa |c AR-BbUGT | ||
| 082 | 0 | 4 | |a 310 |
| 100 | 1 | |a Schott, Sigmund. | |
| 245 | 1 | 0 | |a Estadística / |c Sigmund Schott. |
| 260 | |a Barcelona : |b Labor, |c 1928. | ||
| 300 | |a 206 p. : |b il., diagrs. , mapas, tablas | ||
| 490 | 1 | |a Economía; |v no. 186 | |
| 653 | |a Estadística | ||
| 830 | 0 | |a Economía; |v no. 186 | |
| 942 | |c BK |h 310 |i SC67 |m D |2 ddc |6 310_000000000000000_SC67 | ||
| 999 | |c 9193 |d 9193 | ||